| 000 | 00731nam a22002055i 4500 | ||
|---|---|---|---|
| 001 | 178566 | ||
| 003 | ES-MaACL | ||
| 005 | 20251009181525.0 | ||
| 008 | 110608s2001 sp |||| | spa d | ||
| 020 | _a84-321-3370-1 | ||
| 080 | _a1 Millán Puelles, Antonio | ||
| 245 | 0 | 0 |
_aRealidad e irrealidad _b: estudios en homenaje al profesor Millán-Puelles / _ccoordinados por José A. Ibáñez-Martín. |
| 260 |
_aMadrid : _bRialp, _cimp. 2001. |
||
| 300 |
_a190 p. ; _c24 cm. |
||
| 600 | 1 | 4 |
_aMillán Puelles, Antonio, _d1921-2005- _xHomenajes _981156 |
| 700 | 1 |
_aMillán Puelles, Antonio, _d1921-2005 _981155 |
|
| 700 | 1 |
_aIbáñez-Martín, José A. _9143942 |
|
| 852 |
_aES-MaACL _jE-15307 |
||
| 999 |
_c178566 _d178566 |
||